| 000 | 00544nam a2200181 a 4500 | ||
|---|---|---|---|
| 001 | 5483 | ||
| 003 | CDMR | ||
| 005 | 20130613100310.0 | ||
| 008 | 130130s2005||||sp |||||||||||||||||cat|d | ||
| 020 | _a8460974235 | ||
| 040 |
_aCDMR _bcat _cCDMR |
||
| 100 | 1 |
_9647 _aCosta i Fernández, Lluís |
|
| 245 | 1 | 2 |
_aTelevisió de Girona _b: la comunicació de proximitat en l'era de la globalització _cLluís Costa |
| 260 |
_a[Girona] _bTelevisió de Girona _cDL 2005 |
||
| 300 | _a220 p. | ||
| 650 | 0 | 4 |
_93757 _aTelevisió local _zCatalunya |
| 942 |
_cMON _2udc |
||
| 999 |
_c5483 _d5483 |
||